| 000 | 00639nam a22002052 4500 | ||
|---|---|---|---|
| 001 | 0000009616 | ||
| 005 | 20151217155841.0 | ||
| 008 | 081113s xx 000 0 eng d | ||
| 040 |
_aKABU _cKABU |
||
| 100 | 1 |
_aPretorius, P. J. _@0000161348 |
|
| 245 | 1 | 0 |
_aJungle man : _bautobiography of Major P. J. Pretorius / _cP. J. Pretorius. |
| 250 | _a1st ed. | ||
| 260 |
_aLondon : _bG. G. Harrap, _c1947. |
||
| 300 | _a232 p. | ||
| 600 | 1 | 0 |
_aPretorius, P. J. _@0000161348 |
| 651 | 0 |
_aSouth Africa _xDescription and travel. _@0000161349 |
|
| 852 | 1 | _9p500 KES | |
| 908 | _a081113 | ||
| 950 | _@1 | ||
| 999 |
_c13203 _d13203 |
||